000 00814nam a2200217Ii 4500
003 JO-AjNU
008 230605s9999||||xx |||||||||||||| ||und||
017 _a38009
040 _aJO-AjNU
_bara
_erda
_cJO-AjNU
041 _aara
050 1 4 _aPC2111.J5238 2004
100 3 _aتأليف الجبالي، حمزه ,
_eauthor
_935258
245 0 0 _aتعلم اللغة الفرنسية: اللغة الفرنسية وقواعدها بدون معلم
250 _aط1
264 3 1 _aعمان:دار الاسراء للنشر والتوزيع,2004
300 _a94ص
336 _atext
_btxt
_2rdacontent
337 _aunmediated
_bn
_2rdamedia
338 _avolume
_bnc
_2rdacarrier
650 4 _aاللغة-علم اللغة-تعلم اللغة الفرنسية وقواعدها-اللغة الفرنسية
_935259
999 _aA14538
_c18106
_d18106